Pingulala General Knowledge 8 (Normal) - Statistics

General Stats
  • This quiz has been taken 9 times
  • The average score is 11 of 20
Answer Stats
Hint Answer % Correct
Who was the Greek goddess of wisdom? Athena
100%
Which actor played Jack Dawson in Titanic? Leonardo DiCaprio
100%
Which organ produces bile? Liver
100%
What does "AI" stand for in technology? Artificial Intelligence
88%
Which U.S. state was an independent country before joining the Union in 1845? Texas
88%
What is the term for scoring three goals in a single game of football (soccer)? Hat-trick
75%
Which sea creature has three hearts? Octopus
75%
What was the name of the winged horse in Greek mythology? Pegasus
75%
Which architectural style is known for pointed arches and flying buttresses? Gothic
63%
Who developed the theory of classical conditioning? Ivan Pavlov
63%
What is the most abundant element in Earth's crust? Oxygen
63%
What is the main ingredient in gazpacho? Tomato
63%
What was the codename for the Allied invasion of Normandy in World War II? Operation Overlord
50%
Which car manufacturer produces the Model S? Tesla
50%
How many points is a touchdown worth in American football? Six
25%
What does an electrocardiogram (ECG) measure? Heart activity
13%
What is the process by which plants release water vapor into the air? Transpiration
13%
What was the name of the first nuclear bomb test? Trinity
13%
In Norse mythology, what is the name of the great tree that connects the nine worlds? Yggdrasil
13%
What was the longest war in history? The Reconquista
0%
No matching quizzes found
Score Distribution
Percent of People with Each Score
Percentile by Number Answered
Your Score History
You have not taken this quiz